<?xml version="1.0" encoding="UTF-8"?>
<collection xmlns="http://www.loc.gov/MARC21/slim">
 <record>
  <leader>01090nam a22001697a 4500</leader>
  <controlfield tag="001">NCT_4_011974</controlfield>
  <controlfield tag="008">240819b        xxu||||| |||| 00| 0 vie d</controlfield>
  <datafield tag="999" ind1=" " ind2=" ">
   <subfield code="c">8561</subfield>
   <subfield code="d">8561</subfield>
  </datafield>
  <datafield tag="082" ind1="0" ind2="4">
   <subfield code="2">23rd ed.</subfield>
   <subfield code="a">346.59707</subfield>
   <subfield code="b">S450T</subfield>
  </datafield>
  <datafield tag="245" ind1="0" ind2="0">
   <subfield code="a">Sổ tay trọng tài viên</subfield>
  </datafield>
  <datafield tag="260" ind1=" " ind2=" ">
   <subfield code="a">H.</subfield>
   <subfield code="b">Hà Nội</subfield>
   <subfield code="c">2010</subfield>
  </datafield>
  <datafield tag="300" ind1=" " ind2=" ">
   <subfield code="a">245 tr.</subfield>
   <subfield code="c">21cm</subfield>
  </datafield>
  <datafield tag="520" ind1="3" ind2=" ">
   <subfield code="a">Nội dung sách để góp phần hoàn thiện và trang bị cho các trọng tài viên những kiến thức  cơ bản trong suốt quá trình giải quyết vụ tranh chấp như các kỹ năng nghiên cứu hồ sơ, xác minh sự việc, thu thập chứng cứ, hỏi, hòa giải, tổ chức và điều hành phiên họp giải quyết vụ tranh chấp, soạn thảo và công bố phán quyết trọng tài...</subfield>
  </datafield>
  <datafield tag="653" ind1=" " ind2=" ">
   <subfield code="a">Luật học</subfield>
  </datafield>
  <datafield tag="942" ind1=" " ind2=" ">
   <subfield code="2">ddc</subfield>
   <subfield code="c">BK</subfield>
  </datafield>
  <datafield tag="952" ind1=" " ind2=" ">
   <subfield code="0">0</subfield>
   <subfield code="1">0</subfield>
   <subfield code="2">ddc</subfield>
   <subfield code="4">0</subfield>
   <subfield code="6">346_597070000000000_S450T</subfield>
   <subfield code="7">0</subfield>
   <subfield code="9">29293</subfield>
   <subfield code="a">000001</subfield>
   <subfield code="b">000001</subfield>
   <subfield code="d">2024-08-19</subfield>
   <subfield code="o">346.59707 S450T</subfield>
   <subfield code="p">MD.22641</subfield>
   <subfield code="r">2024-08-19</subfield>
   <subfield code="w">2024-08-19</subfield>
   <subfield code="y">BK</subfield>
  </datafield>
  <datafield tag="980" ind1=" " ind2=" ">
   <subfield code="a">Thư viện Trường Đại học Nam Cần Thơ</subfield>
  </datafield>
 </record>
</collection>
